Statistics for Land som begynner med A

Click here to take the quiz!

General Stats

  • This quiz has been taken 35 times
  • The average score is 6 of 10

Answer Stats

Land% Correct
Andorra
93%
Afghanistan
85%
Albania
81%
Armenia
70%
Angola
67%
Argentina
67%
Algerie
63%
Australia
56%
Aserbajdsjan
33%
Antigua og Barbuda
11%

Score Distribution

Percentile by Number Answered

Percent of People with Each Score

Your Score History

You have not taken this quiz